Statistics for Who Sang That Top 2002 Song?

Click here to take the quiz!

General Stats

  • This quiz has been taken 1,459 times
    (1,454 since last reset)
  • The average score is 8 of 15

Answer Stats

HintAnswer% Correct
13. Lose YourselfEminem
88%
4. DilemmaNelly (ft. Kelly Rowland)
84%
10. Hot In HerreNelly
83%
3. ComplicatedAvril Lavigne
79%
2. Get The Party Started | 9. Don't Let Me Get MeP!nk
76%
5. In The EndLinkin Park
60%
12. Can't Get You Out Of My HeadKylie Minogue
57%
7. U Got It BadUsher
54%
1. A Thousand MilesVanessa Carlton
50%
14. The MiddleJimmy Eat World
35%
11. Hey BabyNo Doubt
32%
6. Ain't It FunnyJennifer Lopez
29%
15. The Game Of LoveSantana (ft. Michelle Branch)
21%
8. All You WantedMichelle Branch
17%

Score Distribution

Percentile by Number Answered

Percent of People with Each Score

Your Score History

You have not taken this quiz since the last reset